00488nam a2200181 a 4500001001300000003000900013005001700022008004100039020001000080082001300090100002300103245006300126260004200189300000900231500003500240505001000275650002100285nice12345678IN_TiNIC20260116012948.0050524s1948 lona grp 000 0 eng  ac10000a241bKIE aKierkegaard, Soren aPurity of Heart Is to Will One Thing Spiritual Preparation aLondonbCollin Clear Type Pressc1948 a192p aincludes index and biblioraphy2 aIndex aChristian-Ethics